000 00363nam a2200145Ia 4500
008 230917s9999||||xx |||||||||||||| ||und||
040 _e210438
_aMAIN
041 _aEnglish
082 _a001.64 S72C
100 _aSareen, Kuldeep Kumar
245 0 _aCAD/CAM: Theory and concepts
260 _aNew Delhi
_bS Chand
_c2013
300 _axix, 453p p.
942 _cBK
999 _c176678
_d176678